00431nam a2200169Ia 4500008004100000020001800041245003000059245005600089260001500145260001600160260000900176300001400185300002500199300001000224500000800234999001900242170705s9999 xx 000 0 und d a9780439539418 aMuncha! Muncha! Muncha! / cby Candace Fleming ; illustrated by G. Brian Karas. aNew York : bScholastic, c2002 aunpaged : bcolor illustration ; c26cm. a560 c337244d337244